000 00174 a2200097 4500
020 _a9781426312601
041 _aeng
100 _aTuchman,Gail
245 _aSafari
942 _cBK
999 _c8221
_d8221